El universo espiritista (Record no. 161210)

MARC details
000 -LEADER
campo de control de longitud fija 00807nam a22001815i 4500
001 - NÚMERO DE CONTROL
campo de control 161210
003 - IDENTIFICADOR DE NÚMERO DE CONTROL
campo de control ES-MaACL
005 - FECHA Y HORA DE LA ÚLTIMA TRANSACCIÓN
campo de control 20230906212221.0
008 - DATOS DE LONGITUD FIJA--INFORMACIÓN GENERAL
campo de control de longitud fija 041020s1875 sp |||| | spa d
040 ## - FUENTE DE CATALOGACIÓN
Centro catalogador/agencia de origen CAM
Lengua de catalogación spa
Centro/agencia transcriptor CAM
100 1# - ENTRADA PRINCIPAL--NOMBRE DE PERSONA
Nombre de persona Ozcariz y Lasaga, Víctor.
9 (RLIN) 88071
245 13 - MENCIÓN DEL TÍTULO
Título El universo espiritista
Resto del título : explicacion del cuadro titulado imágen del universo y del espiritismo filosófico /
Mención de responsabilidad, etc. por Victor Ozcariz y Lasaga.
260 ## - PUBLICACIÓN, DISTRIBUCIÓN, ETC.
Lugar de publicación, distribución, etc. Santander :
Nombre del editor, distribuidor, etc. [s.n.],
Fecha de publicación, distribución, etc. 1875 (
Fabricante Imprenta de Evaristo Lopez Herrero)
300 ## - DESCRIPCIÓN FÍSICA
Extensión 191 p., [1] h. pleg. de lám. ;
Dimensiones 23 cm.
599 ## - NOTA A LAS ILUSTRACIONES
NOTA A LAS ILUSTRACIONES La h. de lám. pleg. "Imágen alegoria del universo y del espiritismo religioso"
650 #4 - PUNTO DE ACCESO ADICIONAL DE MATERIA--TÉRMINO DE MATERIA
Término de materia o nombre geográfico como elemento de entrada Espiritismo.
9 (RLIN) 12502
852 ## - LOCALIZACIÓN
Ubicación ES-MaACL
Número de control de estantería T-264-F-3
Nota libre -- Enc. hol.
condición física -- Falto de la cub. original
Nota libre -- Enc. en un vol. facticio
Holdings
Estatus retirado Estado de pérdida Estado de daño No para préstamo Colección Biblioteca de origen Biblioteca actual Ubicación en estantería Fecha de adquisición Total de préstamos Signatura topográfica completa Código de barras Visto por última vez Precio de reemplazo Tipo de ítem Koha
        Colección de folletos Biblioteca del Ateneo de Madrid Biblioteca del Ateneo de Madrid Depósito folletos 17/01/2008   T-264-F-3 1168854 23/02/2023 23/02/2023 Folleto